| Tag |
First Indicator |
Second Indicator |
Subfields |
| LEADER |
00000cam a2200000 a 4500 |
| 001 |
in00001007390 |
| 005 |
20150927215157.0 |
| 008 |
910307r19911991mdua b 00110 eng d |
| 010 |
|
|
|a 90062897
|
| 020 |
|
|
|a 1557503745
|
| 035 |
|
|
|a (OCoLC)23198575
|
| 035 |
|
|
|9 AFD5820AM
|
| 040 |
|
|
|a UNA
|c UNA
|d TXA
|d UtOrBLW
|
| 049 |
|
|
|a TXAS [mil]
|
| 090 |
|
|
|a V765
|b .L34 1991b
|
| 100 |
1 |
|
|a Layman, R. D.,
|d 1928-
|
| 245 |
1 |
4 |
|a The hybrid warship :
|b the amalgamation of big guns and aircraft /
|c R.D. Layman and Stephen McLaughlin.
|
| 264 |
|
1 |
|a Annapolis, Md. :
|b Naval Institute Press,
|c 1991.
|
| 300 |
|
|
|a 224 pages :
|b illustrations ;
|c 28 cm.
|
| 336 |
|
|
|a text
|b txt
|2 rdacontent
|
| 337 |
|
|
|a unmediated
|b n
|2 rdamedia
|
| 338 |
|
|
|a volume
|b nc
|2 rdacarrier
|
| 500 |
|
|
|a Originally published: London : Conway Maritime Press, 1991.
|
| 504 |
|
|
|a Includes bibliographical references (pages 212-221) and index.
|
| 650 |
|
0 |
|a Warships
|x Design and construction
|x History.
|
| 650 |
|
0 |
|a Naval architecture
|x History.
|
| 700 |
1 |
|
|a McLaughlin, Stephen.
|
| 999 |
|
|
|a MARS
|
| 999 |
f |
f |
|s 3b07f8a7-fa92-3b77-88b4-d70d6a50b6b3
|i 4f3606c6-f09a-3ace-8da5-9a63ce5c2eac
|t 0
|
| 952 |
f |
f |
|p noncirc
|a Texas A&M University
|b College Station
|c Cushing Memorial Library & Archives
|d Cushing: Ragan Military (Does not check out)
|t 0
|e V765 .L34 1991b
|h Library of Congress classification
|i unmediated -- volume
|
| 998 |
f |
f |
|a V765 .L34 1991b
|t 0
|l Cushing: Ragan Military (Does not check out)
|